|
|
|
|
| LEADER |
01437nam a22003137a 4500 |
| 001 |
AAL6803 |
| 003 |
BD-DhAAL |
| 005 |
20230119121810.0 |
| 008 |
160311r20221999bg ||||| |||| 00| 0 ben d |
| 020 |
|
|
|a 9844101349
|
| 040 |
|
|
|a BD-DhAA
|c BD-DhAA
|
| 041 |
|
|
|a ben
|
| 082 |
|
|
|a 891.44
|
| 100 |
|
|
|a ইলিয়াস, আখতারুজ্জামান
|9 18419
|
| 245 |
|
|
|a আখতারুজ্জামান ইলিয়াস রচনাসমগ্র - ১ /
|c আখতারুজ্জামান ইলিয়াস
|
| 246 |
|
|
|a Akhtaruzzaman elias rachanasamgra
|
| 260 |
|
|
|a ঢাকা :
|b মাওলা ব্রাদার্স,
|c ১৯৯৯ [নবম মুদ্রণ ২০২২]
|
| 300 |
|
|
|a ৪০৪ পৃষ্ঠা :
|b চিত্র ;
|c ২২ সে.মি.
|
| 362 |
|
|
|a Vol.1
|
| 526 |
|
|
|a GenEd (Residential Campus)
|
| 541 |
|
|
|a Development Book Agency
|e 40650
|
| 600 |
|
|
|a ইলিয়াস, আখতারুজ্জামান,
|d ১৯৪৩-১৯৯৭
|9 53392
|
| 650 |
|
|
|a Bengali Literature.
|9 18420
|
| 650 |
|
|
|a Bengali fiction.
|
| 650 |
|
|
|a Bengali essays.
|
| 852 |
|
|
|a Savar Campus Library
|c General Shelf
|
| 942 |
|
|
|2 ddc
|c BK
|
| 999 |
|
|
|c 45468
|d 45468
|
| 952 |
|
|
|0 0
|1 0
|2 ddc
|4 0
|6 891_440000000000000_ELI
|7 0
|9 72730
|a SCL
|b SCL
|c GEN
|d 2023-01-05
|e Development Book Agency
|g 506.00
|l 1
|m 1
|o 891.44 ELI
|p 3020040650
|r 2025-10-25
|s 2025-10-16
|t 1
|v 506.00
|w 2023-01-05
|y BK
|